Comparative Study of Religions: A Step to interfaith Studies (Record no. 23523)
[ view plain ]
| 000 -LEADER | |
|---|---|
| fixed length control field | 00518nam a22001457a 4500 |
| 020 ## - INTERNATIONAL STANDARD BOOK NUMBER | |
| ISBN | 9788192798233 |
| 082 ## - DEWEY DECIMAL CLASSIFICATION NUMBER | |
| Classification number | 181.07 |
| Author Cutter | KAZ |
| 100 ## - MAIN ENTRY--AUTHOR NAME | |
| Author name | Kazmi, Latif Hussain Shah |
| 245 ## - TITLE STATEMENT | |
| Title | Comparative Study of Religions: A Step to interfaith Studies |
| 260 ## - PUBLICATION, DISTRIBUTION, ETC. (IMPRINT) | |
| Place of publication | Aligarh, U.P., India, |
| Name of publisher | National Printers & Publishers (Regd.), |
| Year of publication | National Printers & Publishers (Regd.), Aligarh, U.P., India, 2022 |
| 300 ## - PHYSICAL DESCRIPTION | |
| Number of Pages | 233 pages |
| Other physical details | 23 cm |
| 650 ## - SUBJECT ADDED ENTRY--TOPICAL TERM | |
| Topical Term | Moral religious |
| -- | Religions |
| -- | Religion Relations |
| 942 ## - ADDED ENTRY ELEMENTS (KOHA) | |
| Koha item type | Books |
| Home library | Current library | Shelving location | Date acquired | Source of acquisition | Cost, normal purchase price | Full call number | Accession Number | Koha item type |
|---|---|---|---|---|---|---|---|---|
| Henry Martyn Institute Library | Henry Martyn Institute Library | General stacks | 03/12/2025 | Director | 650.00 | 181.07 KAZ | 11-4869 | Books |
